000 00566nam a2200181Ia 4500
005 20260601193300.0
008 260601s9999||||xx |||||||||||||| ||und||
020 _a978-3-031-68031-1
_qebk
100 _aRaghunath Nambiar
245 0 _aPerformance Evaluation and Benchmarking
250 _a2024
260 _aHeidelberg, Germany
_bSpringer Nature
_c2024
440 _aLecture Notes in Computer Science
650 _aComputer Science
700 _aMeikel Poess
856 _uhttps://link.springer.com/openurl?genre=book&isbn=978-3-031-68031-1
942 _cEB
_2ddc
999 _c56982
_d56982